Polyfunkčný dom

Gespeichert in:
Bibliographische Detailangaben
1. Verfasser: Kapičák, Dominik (Verfasst von)
Weitere Verfasser: Petro, Marek (Betreuung Doktorarbeit)
Format: Manuskript Buch
Sprache:Slowakisch
Veröffentlicht: 2015
Schlagworte:
Online-Zugang:http://is.stuba.sk/zp/portal_zp.pl?podrobnosti=109402
https://opac.crzp.sk/?fn=detailBiblioForm&sid=78283B71680DBAF21441D01D22D4
Tags: Tag hinzufügen
Keine Tags, Fügen Sie das erste Tag hinzu!

MARC

LEADER 00000ntm a22000003a 4500
001 stuzp51314
003 SK-STU
005 20231013153250.2
007 ta
008 150427s2015----xo-----f-mn---000-0-slo-d
040 |a STU  |b slo 
041 0 |a slo 
100 1 |a Kapičák, Dominik  |u 010270  |4 aut  |U SvF Stavebná fakulta  |T SvF Katedra technológie stavieb  |X 67231  |U V270  |Y 28  |7 A000067231 
242 0 1 |a Multifunctional building "At the Crossroads"  |y eng 
245 1 0 |a Polyfunkčný dom 
260 |c 2015 
650 4 |a vnútorné vápenno cementové omietky  |2 slo 
650 4 |a Polyfunkčný objekt  |2 slo 
650 4 |a zariadenie staveniska  |2 slo 
650 4 |a multifunctional building  |2 eng 
650 4 |a building  |2 eng 
650 4 |a construction site equipment  |2 eng 
700 1 |a Petro, Marek  |4 ths  |X 18958  |7 A000018958 
856 4 |u http://is.stuba.sk/zp/portal_zp.pl?podrobnosti=109402 
856 4 |u https://opac.crzp.sk/?fn=detailBiblioForm&sid=78283B71680DBAF21441D01D22D4 
SQL |a stuzp51314  |b DDP  |c SLO  |d Polyfunkčný dom  |e 67231  |f Kapičák, Dominik  |g 010270  |h 18958  |i Petro, Marek  |j 20150617  |k 681  |l 01  |m http://is.stuba.sk/zp/portal_zp.pl?podrobnosti=109402  |n I-TS  |o 5.2.8. stavebníctvo